000 00448nam a2200133Ia 4500
008 100328s9999 xx 000 0 und d
082 _b64210
100 _aघाणेकर माुसूदन.
245 _aजन्मतारखेतील गूढ.
260 _bइंद्रायणी.
630 _aजन्मतारखेतील गूढ.
730 _aजन्मतारखेतील गूढ.
942 _cBOOK
999 _c550016
_d550013